| 000 | 00676nam a2200253Ia 4500 | ||
|---|---|---|---|
| 003 | OSt | ||
| 005 | 20221005083621.0 | ||
| 006 | a|||||r|||| 00| 0 | ||
| 007 | ta | ||
| 008 | 221004b |||||||| |||| 00| 0 eng d | ||
| 020 | _a8185870225 | ||
| 024 | _a24366 | ||
| 037 | _cTextual | ||
| 040 |
_aCRL _cCRL _beng |
||
| 041 |
_2eng _aeng |
||
| 082 | _a2:97(D65,8(B):71), N9 | ||
| 100 | _aKaul H K | ||
| 245 | 0 | _aLibrary resource sharing and networks | |
| 260 |
_aNew Delhi _bVirgo Publications India _c1999 |
||
| 300 |
_a336p. _ccm. |
||
| 650 | _aLIBRARY SCIENCE | ||
| 942 |
_h2:97(D65,8(B):71), N9 _cTEXL _2cc |
||
| 999 |
_c991290 _d991290 |
||